Mass-spektrometričeskij metod opredelenija sledov.

Uložené v:
Podrobná bibliografia
Médium: Kniha
Jazyk:Russian
Vydané: Moskva : Mir, 1975.
Fyzický popis: 453 strán.
Tagy: Pridať tag
Žiadne tagy, Buďte prvý kto otaguje tento záznam!

MARC

LEADER 00000nam a22000002i 4500
001 000669727
005 20211015135158.0
008 211015s1975 ru e 000 0 rus d
020 |c Kčs 40,00  |q (viazané) 
040 |a SVKKK  |b slo  |c SVKKK  |e rda 
245 0 0 |a Mass-spektrometričeskij metod opredelenija sledov. 
264 1 |a Moskva :  |b Mir,  |c 1975. 
300 |a 453 strán. 
336 |a text  |b txt  |2 rdacontent 
337 |a bez média  |b n  |2 rdamedia 
338 |a zväzok  |b nc  |2 rdacarrier 
500 |a Záznam revízie 
700 1 |a Čupachin, Michail Sergejevič  |4 red 
910 |a svkkk 
998 |a BK 
090 |g SCKHL  |k Sklad Pribinova 2. posch.  |a III.108195  |j 531435  |i 2720814645  |4 Zastaraná  |s Vyradená